000 00772cam a2200253 a 4500
001 10975
003 BD-RjUL
005 20211208235040.0
008 140125r19691965nyua b 001 0 eng|d
035 _a(BD-RjUL)11024
040 _aNS:ER
_beng
_cBD-RjUL
_dBD-RjUL
041 _aeng
082 0 4 _a551.514
_bCRU 1969
100 1 _aCraig, R. A.
_933917
245 1 4 _aThe upper atmosphere :
_bmeteorology and physics /
_cby Richard A. Craig.
260 _aNew York :
_bAcademic Press,
_cc1965 [Printing 1969].
300 _axii, 509p. :
_bill. ;
_c24cm.
504 _aIncludes index and bibliographies.
650 0 _aAtmosphere, Upper.
_933919
942 _2ddc
_cBK
999 _c10975
_d10975